El pensamiento creativo: el poder del pensamiento lateral para la creación de nuevas ideas.
Guardado en:
| Autor principal: | |
|---|---|
| Formato: | Libro |
| Lenguaje: | español |
| Publicado: |
Barcelona, España:
Paídos,
1994.
|
| Edición: | 1ª edición. |
| Colección: | Paidós / Plural
|
| Materias: | |
| Etiquetas: |
Agregar Etiqueta
Sin Etiquetas, Sea el primero en etiquetar este registro!
|
MARC
| LEADER | 00000nam a2200000 a 4500 | ||
|---|---|---|---|
| 001 | UCS1928 | ||
| 003 | CL-VaPUC | ||
| 005 | 20250407202430.0 | ||
| 008 | 970516e19940000SP |||||||||||||||||spa|d | ||
| 999 | |c 259939 |d 259937 | ||
| 020 | |a 978-84-493-0713-3 | ||
| 040 | |c Pontificia Universidad Católica de Valparaíso | ||
| 082 | 0 | 4 | |a 153.35 BON 1994 |2 21 |
| 100 | 0 | |a Bono, Edward de |e autor |9 386848 | |
| 245 | 1 | 3 | |a El pensamiento creativo: |b el poder del pensamiento lateral para la creación de nuevas ideas. |
| 250 | |a 1ª edición. | ||
| 260 | |a Barcelona, España: |b Paídos, |c 1994. | ||
| 300 | |a 464 páginas. | ||
| 490 | |a Paidós / Plural | ||
| 500 | |a c.3-c.5.. Instituto Arcos 8-1-2025 | ||
| 583 | |a last modification |c 20111222 01:07:08 |k Rodrigo Vera | ||
| 650 | 0 | |a Creatividad |9 310816 | |
| 650 | 0 | |a Pensamiento lateral |9 386849 | |
| 650 | 0 | |a Pensamiento creativo |9 310706 | |
| 650 | 7 | |a IDEAS |2 CL-VaPUC |9 386850 | |
| 650 | 0 | |a Aptitud creadora |9 307292 | |
| 942 | |c BK |2 ddc |n 0 | ||
| 945 | |d 19970516 00:00:00 |a amoreno | ||
| 952 | |0 0 |1 0 |4 0 |6 153_350000000000000_BON_1994 |7 0 |8 A |9 285471 |a BIBEDU |b BIBEDU |d 2019-11-19 |i 3306135 |o 153.35 BON 1994 |p 3306135 |r 2019-11-19 |w 2019-11-19 |y BK |k LIT | ||
| 952 | |0 0 |1 0 |4 0 |6 153_350000000000000_BON_1994 |7 0 |8 A |9 285472 |a BIBEDU |b BIBEDU |d 2019-11-19 |i 3440788 |o 153.35 BON 1994 |p 3440788 |r 2019-11-19 |w 2019-11-19 |y BK |k BME | ||
| 952 | |0 0 |1 0 |2 ddc |4 0 |6 153_350000000000000_BON_1994 |7 0 |8 A |9 600670 |a BIBINC |b BIBINC |d 2025-01-08 |e Instituto Arcos |i 5665629 |o 153.35 BON 1994 |p 5665629 |r 2025-03-06 |t 3 |w 2025-03-06 |y BK |k IFP | ||
| 952 | |0 0 |1 0 |2 ddc |4 0 |6 153_350000000000000_BON_1994 |7 0 |8 A |9 601305 |a BIBINC |b BIBINC |d 2025-03-17 |e Instituto Arcos |i 5666200 |o 153.35 BON 1994 |p 5666200 |r 2025-03-17 |t 4 |w 2025-03-06 |y BK |k IFP | ||
| 952 | |0 0 |1 0 |2 ddc |4 0 |6 153_350000000000000_BON_1994 |7 0 |8 A |9 601306 |a BIBINC |b BIBINC |d 2025-03-17 |e Instituto Arcos |i 5666201 |o 153.35 BON 1994 |p 5666201 |r 2025-03-17 |t 5 |w 2025-03-06 |y BK |k IFP | ||